| 000 | 00501pab a2200181 454500 | ||
|---|---|---|---|
| 008 | 180718b1996 xxu||||| |||| 00| 0 eng d | ||
| 100 | _aVijay Kumar | ||
| 245 | _aIs judicial review counter-majoritarian?: constitutional democracy and judicial activism | ||
| 260 | _c1996 | ||
| 300 | _ap.30-32 | ||
| 362 | _a10 Aug | ||
| 650 | _aJudiciary - India | ||
| 650 | _aAdministration of law - India | ||
| 650 | _aAdministration of law | ||
| 650 | _aJudiciary | ||
| 773 | _aMainstream | ||
| 909 | _a32019 | ||
| 999 |
_c32019 _d32019 |
||